| 000 | 00396nam a2200169Ia 4500 | ||
|---|---|---|---|
| 005 | 20140403142507.0 | ||
| 008 | 140130s9999 xx 000 0 und d | ||
| 050 |
_aPZ 7 _b.K8369Em 2010 |
||
| 245 |
_cKorman, Gordon _aThe Emperror's code |
||
| 260 |
_bScholastic, _c2010 |
||
| 300 |
_a190 p. : _c20 cm. |
||
| 440 | _v1 | ||
| 521 | _aG5 | ||
| 526 | _c730 | ||
| 942 |
_cBK _2lcc |
||
| 999 |
_c41062 _d41062 |
||